| 000 | 00386nam a22001577a 4500 | ||
|---|---|---|---|
| 003 | OSt | ||
| 005 | 20240409164725.0 | ||
| 008 | 221029b xxu||||| |||| 00| 0 eng d | ||
| 020 | _a9789350146446, | ||
| 040 | _cIIMT UNIVERSITY , MEERUT | ||
| 100 | _aBISHT , DR.T D | ||
| 245 | _aELECTRIC TRACTION (HINDI) | ||
| 260 |
_aMUZAFFARNAGAR _bASIAN _c2022 |
||
| 300 | _a222 | ||
| 942 |
_2ddc _c02 |
||
| 999 |
_c55901 _d55901 |
||